000 00680nam a2200169 a 4500
001 000038180
005 20240305125740.0
008 130320s2000 dr 000 0 spa d
040 _aDO-SdBNP
_bspa
_cBNPHU
245 0 0 _aReforma del transporte en Santo Domingo /
_cHamlet Hermann.
260 _aSanto Domingo :
_bComisión Presidencial para la Reforma y Modernización del Estado,
_c2000.
300 _a37 p. ;
_c22 cm.
490 1 _aEncuentros para alta gerencia
_v3
700 1 _aHamlet, Hermann,
_d1934-2016
_936649
710 2 _aComisión Presidencial para la Reforma y Modernización del Estado(República Dominicana)
_964551
830 0 _aEncuentros para alta gerencia
_n3
_964552
999 _c37670
_d37670